[Event "1. OEsterreichische Internet Schach Meisterschaft - Vorrunde 3"]
[Site "Online - Playchess.com"]
[Date ""]
[Round "2"]
[Board "88"]
[White "Andreatta, Ralph"]
[Black "Maister, Dieter"]
[Result "1-0"]
[WhiteElo "1623"]
[BlackElo "1851"]
[PlyCount "113"]
[EventDate "2020.04.17"]
[EventRounds "9"]
[EventCountry "AUT"]

1. d4 c6 2. c4 d5 3. Nf3 Nf6 4. e3 e6 5. Nc3 Be7 6. Bd3 O-O 7. cxd5 exd5 8. O-O Bg4
9. h3 Bh5 10. Be2 Nbd7 11. Qb3 Rb8 12. Qc2 Bg6 13. Qd2 Re8 14. b3 Bb4 15. Bb2 a6
16. a3 Bd6 17. b4 Rc8 18. Na4 b5 19. Nc5 Ra8 20. Rac1 Nb6 21. Bd3 Bxd3 22. Qxd3 Nc4
23. Rc2 Bxc5 24. dxc5 Ne4 25. Qd4 Nxb2 26. Rxb2 a5 27. Nd2 axb4 28. axb4 Nf6 29.
Nb3 Ra4 30. Na5 Qd7 31. Re1 Re4 32. Qd2 Qf5 33. f3 Re6 34. Nb7 Qg6 35. Nd8 Re5 36.
Nxc6 Rg5 37. Ne7+ Kf8 38. Nxg6+ hxg6 39. Ra2 Rxa2 40. Qxa2 Re5 41. Kf2 g5 42. g4
g6 43. Qa8+ Kg7 44. Qb8 Re6 45. Qxb5 Ne8 46. c6 Nc7 47. Qb7 Re7 48. b5 Kf6 49. b6
Nb5 50. c7 d4 51. Qc6+ Re6 52. Qxb5 Kg7 53. c8=Q dxe3+ 54. Rxe3 f5 55. Rxe6 f4 56.
Qbd7+ Kh6 57. Qh8#  1-0

[Event "1. OEsterreichische Internet Schach Meisterschaft - Vorrunde 3"]
[Site "Online - Playchess.com"]
[Date ""]
[Round "2"]
[Board "89"]
[White "Mittelbach, Eduard"]
[Black "Moerwald, Magdalena"]
[Result "0-1"]
[WhiteElo "1667"]
[BlackElo "1791"]
[PlyCount "74"]
[EventDate "2020.04.17"]
[EventRounds "9"]
[EventCountry "AUT"]

1. e4 c6 2. d4 d5 3. Nc3 dxe4 4. Nxe4 Nd7 5. Bf4 Ngf6 6. Bd3 Nxe4 7. Bxe4 Nf6 8.
Bf3 Bf5 9. Ne2 e6 10. O-O Bd6 11. c3 O-O 12. Bxd6 Qxd6 13. Ng3 Bg6 14. Re1 Rad8 15.
Ne4 Nxe4 16. Bxe4 Bxe4 17. Rxe4 c5 18. Qa4 Qb6 19. dxc5 Qxb2 20. Rae1 Qxc3 21. Qxa7
Rd4 22. Qxb7 Qxc5 23. Rxd4 Qxd4 24. Qe4 Qb2 25. Qb1 Qc3 26. g3 Rc8 27. Rd1 g6 28.
a4 Qa5 29. Qb5 Qc3 30. a5 Qf3 31. Rb1 Rc2 32. Qb8+ Kg7 33. Qb6 e5 34. a6 e4 35. a7
e3 36. Qxe3 Qd5 37. Qe8 Qc5  0-1

[Event "1. OEsterreichische Internet Schach Meisterschaft - Vorrunde 3"]
[Site "Online - Playchess.com"]
[Date ""]
[Round "2"]
[Board "90"]
[White "Hofstadler, Mario"]
[Black "Chen, Qingxia"]
[Result "1-0"]
[WhiteElo "1867"]
[BlackElo "1776"]
[PlyCount "113"]
[EventDate "2020.04.17"]
[EventRounds "9"]
[EventCountry "AUT"]

1. d4 d5 2. Bg5 Nc6 3. e3 h6 4. Bh4 Bf5 5. Nf3 Bg4 6. Nbd2 Nf6 7. c3 Ne4 8. Bd3 Nxd2
9. Qxd2 Bxf3 10. gxf3 Qd7 11. Bg3 O-O-O 12. a3 a6 13. Rc1 e6 14. O-O Bd6 15. c4 g5
16. cxd5 exd5 17. Qc2 Kb8 18. Bxa6 Nxd4 19. exd4 bxa6 20. Qb3+ Kc8 21. Qxd5 Kb8 22.
Bxd6 Qxd6 23. Qxf7 Rhf8 24. Qc4 Rd7 25. Qb4+ Qxb4 26. axb4 Rxf3 27. Rfd1 Rb3 28.
Rc6 Rxb4 29. Rxa6 Rbxd4 30. Rxd4 Rxd4 31. Rxh6 Rg4+ 32. Kf1 Rb4 33. Rg6 Rb5 34. Kg2
Kb7 35. Kg3 c6 36. f3 Kb6 37. h3 Rxb2 38. Rxg5 Rb5 39. h4 c5 40. h5 c4 41. Rxb5+
Kxb5 42. h6 c3 43. h7 c2 44. h8=Q c1=Q 45. Qe5+ Kb6 46. Qe4 Kc7 47. Qf4+ Qxf4+ 48.
Kxf4 Kd6 49. Kf5 Ke7 50. Kg6 Ke8 51. f4 Kf8 52. Kf6 Kg8 53. Ke7 Kg7 54. f5 Kg8 55.
f6 Kh8 56. f7 Kg7 57. f8=Q+  1-0

[Event "1. OEsterreichische Internet Schach Meisterschaft - Vorrunde 3"]
[Site "Online - Playchess.com"]
[Date ""]
[Round "2"]
[Board "91"]
[White "Kwech, Martin"]
[Black "Virag, Herbert"]
[Result "1-0"]
[WhiteElo "1105"]
[BlackElo "1776"]
[PlyCount "89"]
[EventDate "2020.04.17"]
[EventRounds "9"]
[EventCountry "AUT"]

1. e4 c5 2. Nf3 Nc6 3. Bb5 Nd4 4. Nxd4 cxd4 5. Bc4 d6 6. Qf3 e6 7. d3 Nf6 8. Bb5+
Bd7 9. Bxd7+ Qxd7 10. Bg5 Be7 11. O-O O-O 12. Nd2 Rac8 13. Rac1 b5 14. a3 a5 15.
Nb3 Qa7 16. Rfe1 Rc7 17. Qg3 Rfc8 18. Bxf6 Bxf6 19. Qxd6 Rxc2 20. Kf1 Rxc1 21. Rxc1
Rxc1+ 22. Nxc1 g6 23. Qc6 b4 24. Qe8+ Kg7 25. Qc6 bxa3 26. bxa3 Be7 27. a4 Qb8 28.
Qc4 Qb4 29. Qc2 Bg5 30. Na2 Qa3 31. Ke2 h5 32. g3 Be7 33. f4 Bb4 34. Nxb4 axb4 35.
Qc4 Qc3 36. Qxc3 dxc3 37. Kd1 b3 38. Kc1 Kf8 39. a5 Ke8 40. a6 Kd8 41. a7 Kc7 42.
a8=Q Kb6 43. Qb8+ Kc5 44. Qxb3 Kd4 45. Kc2  1-0

[Event "1. OEsterreichische Internet Schach Meisterschaft - Vorrunde 3"]
[Site "Online - Playchess.com"]
[Date ""]
[Round "2"]
[Board "92"]
[White "Katter, Marlene"]
[Black "Ticar, Clemens"]
[Result "1-0"]
[WhiteElo "1609"]
[BlackElo "1753"]
[PlyCount "33"]
[EventDate "2020.04.17"]
[EventRounds "9"]
[EventCountry "AUT"]

1. d4 d6 2. Bf4 Nf6 3. e3 g6 4. Nf3 Bg7 5. c4 O-O 6. Nc3 Nbd7 7. Bd3 Nh5 8. Bg3 Nxg3
9. hxg3 e5 10. dxe5 Nxe5 11. Nxe5 Bxe5 12. Qd2 Qf6 13. Rc1 Bf5 14. Bxf5 Qxf5 15.
e4 Qf6 16. Nd5 Qd8 17. Qh6  1-0

[Event "1. OEsterreichische Internet Schach Meisterschaft - Vorrunde 3"]
[Site "Online - Playchess.com"]
[Date ""]
[Round "2"]
[Board "93"]
[White "Gugler, Giorgio"]
[Black "Fugger, Christian"]
[Result "1-0"]
[WhiteElo "1405"]
[BlackElo "1807"]
[PlyCount "29"]
[EventDate "2020.04.17"]
[EventRounds "9"]
[EventCountry "AUT"]

1. e4 e6 2. f4 d5 3. e5 c5 4. Nf3 Nc6 5. Bb5 Bd7 6. d4 Qb6 7. Bxc6 Bxc6 8. c3 cxd4
9. Nxd4 Bc5 10. O-O Ne7 11. Be3 O-O 12. b4 Nf5 13. Bf2 Bxd4 14. Bxd4 Rac8 15. Bxb6
 1-0

[Event "1. OEsterreichische Internet Schach Meisterschaft - Vorrunde 3"]
[Site "Online - Playchess.com"]
[Date ""]
[Round "2"]
[Board "94"]
[White "Pristernik, Arnold"]
[Black "Balint, Peter"]
[Result "0-1"]
[WhiteElo "1551"]
[BlackElo "2105"]
[PlyCount "65"]
[EventDate "2020.04.17"]
[EventRounds "9"]
[EventCountry "AUT"]

1. d4 Nf6 2. Nf3 d5 3. c3 g6 4. Bg5 Bg7 5. Nbd2 O-O 6. e3 h6 7. Bh4 c5 8. Be2 cxd4
9. exd4 Re8 10. O-O Nc6 11. Re1 Bg4 12. h3 Bf5 13. Bxf6 Bxf6 14. Nb3 e5 15. dxe5
Nxe5 16. Nxe5 Bxe5 17. Bd3 Bd7 18. Re3 Qg5 19. Qf3 Bc6 20. Nd4 Bd7 21. Rae1 h5 22.
R1e2 Kg7 23. Kh1 f6 24. Kg1 Rh8 25. b3 Qh6 26. a4 Bg4 27. Qxd5 Bxe2 28. Qd7+ Kg8
29. Nxe2 Qg7 30. Qe6+ Kh7 31. Rxe5 fxe5 32. Ng3 Rhe8 33. Be4  0-1

[Event "1. OEsterreichische Internet Schach Meisterschaft - Vorrunde 3"]
[Site "Online - Playchess.com"]
[Date ""]
[Round "2"]
[Board "96"]
[White "Wimmer, Michael"]
[Black "Pasteiner, Gernot"]
[Result "1-0"]
[WhiteElo "1559"]
[BlackElo "1632"]
[PlyCount "23"]
[EventDate "2020.04.17"]
[EventRounds "9"]
[EventCountry "AUT"]

1. e4 d5 2. exd5 Qxd5 3. Nc3 Qa5 4. Nf3 Nf6 5. d4 Bg4 6. Be2 c6 7. O-O e6 8. h3 Bh5
9. Be3 Bd6 10. Qd2 Nbd7 11. Ne4 Nxe4 12. Qxa5  1-0

[Event "1. OEsterreichische Internet Schach Meisterschaft - Vorrunde 3"]
[Site "Online - Playchess.com"]
[Date ""]
[Round "2"]
[Board "97"]
[White "Kanzian, Heinz"]
[Black "Haemmerle, Dietmar"]
[Result "1-0"]
[WhiteElo "1642"]
[BlackElo "1762"]
[PlyCount "69"]
[EventDate "2020.04.17"]
[EventRounds "9"]
[EventCountry "AUT"]

1. e4 e6 2. d4 d5 3. e5 c5 4. c3 Nc6 5. Nf3 Qb6 6. Be2 Bd7 7. O-O O-O-O 8. Nbd2 h6
9. a4 a5 10. Nb3 c4 11. Nbd2 Nge7 12. b4 axb4 13. cxb4 Qxb4 14. Ba3 Qa5 15. Rb1 Nf5
16. Rb5 Qa7 17. Bxf8 Rhxf8 18. Nb1 Nfxd4 19. Nxd4 Nxd4 20. Rb4 Nxe2+ 21. Qxe2 Qc5
22. Qb2 Bc6 23. Nc3 Rd7 24. Nb5 Bxb5 25. Rxb5 Qa7 26. a5 Qa6 27. Ra1 Kd8 28. Rb6
Qa7 29. a6 bxa6 30. Raxa6 Qc7 31. Qb4 c3 32. Ra8+ Qc8 33. Rxc8+ Kxc8 34. Rb8+ Kc7
35. Qb6#  1-0

[Event "1. OEsterreichische Internet Schach Meisterschaft - Vorrunde 3"]
[Site "Online - Playchess.com"]
[Date ""]
[Round "2"]
[Board "99"]
[White "Schroettner, Tobias Julian"]
[Black "Hofer, Martin"]
[Result "1-0"]
[WhiteElo "1503"]
[BlackElo "1603"]
[PlyCount "41"]
[EventDate "2020.04.17"]
[EventRounds "9"]
[EventCountry "AUT"]

1. e4 d5 2. exd5 Nf6 3. Nc3 Nxd5 4. Nxd5 Qxd5 5. Nf3 Bg4 6. Be2 e5 7. d3 Nc6 8. Be3
O-O-O 9. h3 Bh5 10. Qd2 e4 11. dxe4 Qxe4 12. Bd3 Qe8 13. Qe2 a6 14. O-O-O Ne5 15.
Bf5+ Kb8 16. Rxd8+ Qxd8 17. g4 Nxf3 18. Qxf3 Bg6 19. Rd1 Qe7 20. Rd7 Qb4 21. Rd8#
 1-0

[Event "1. OEsterreichische Internet Schach Meisterschaft - Vorrunde 3"]
[Site "Online - Playchess.com"]
[Date ""]
[Round "2"]
[Board "101"]
[White "Korndon, Hannes"]
[Black "Astner, Klaus"]
[Result "0-1"]
[WhiteElo "914"]
[BlackElo "1409"]
[PlyCount "108"]
[EventDate "2020.04.17"]
[EventRounds "9"]
[EventCountry "AUT"]

1. e4 d6 2. d4 g6 3. Nf3 Bg7 4. Nc3 Bg4 5. h3 Bxf3 6. gxf3 e6 7. Bb5+ c6 8. Bc4 Ne7
9. Be3 O-O 10. Qd3 d5 11. exd5 cxd5 12. Bb5 a6 13. Ba4 b5 14. Bb3 Nbc6 15. a3 Nf5
16. O-O-O Nfxd4 17. Bxd4 Nxd4 18. Ba2 Bh6+ 19. Kb1 Nc6 20. Qe2 Bg7 21. Qe3 d4 22.
Qe4 Qb6 23. Ne2 Rad8 24. Rd2 b4 25. axb4 Qxb4 26. Rhd1 Rb8 27. b3 Qa3 28. Nxd4 Nb4
29. c3 Qxa2+ 30. Rxa2 Bxd4 31. Qxd4 Nxa2 32. Kxa2 a5 33. Qa4 Ra8 34. Rd7 Rfc8 35.
c4 Rc5 36. Kb2 Rf5 37. Re7 Rxf3 38. Qd7 Rxf2+ 39. Ka3 Rf3 40. h4 Rb8 41. Qc7 Rbxb3+
42. Ka4 Ra3+ 43. Kb5 Rf5+ 44. c5 Rf4 45. Qxf4 Rb3+ 46. Kxa5 Ra3+ 47. Kb5 Rb3+ 48.
Kc6 Ra3 49. Qh6 Ra6+ 50. Kb5 Ra8 51. c6 Rb8+ 52. Kc5 Rf8 53. c7 e5 54. c8=Q Rxc8+
 0-1

[Event "1. OEsterreichische Internet Schach Meisterschaft - Vorrunde 3"]
[Site "Online - Playchess.com"]
[Date ""]
[Round "2"]
[Board "102"]
[White "Jeitler, Selina"]
[Black "Gall, Bernhard"]
[Result "1-0"]
[WhiteElo "1201"]
[BlackElo "1244"]
[PlyCount "23"]
[EventDate "2020.04.17"]
[EventRounds "9"]
[EventCountry "AUT"]

1. e4 e5 2. Nf3 Nc6 3. d4 exd4 4. Bc4 d6 5. Nxd4 Nf6 6. Nc3 Nxd4 7. Qxd4 Be7 8. O-O
O-O 9. Be3 Be6 10. Bb3 Bxb3 11. axb3 Qd7 12. Rxa7  1-0

[Event "1. OEsterreichische Internet Schach Meisterschaft - Vorrunde 3"]
[Site "Online - Playchess.com"]
[Date ""]
[Round "3"]
[Board "1"]
[White "Ragger, Markus"]
[Black "Schneider-Zinner, Harald"]
[Result "1-0"]
[WhiteElo "2679"]
[BlackElo "2381"]
[PlyCount "69"]
[EventDate "2020.04.17"]
[EventRounds "9"]
[EventCountry "AUT"]

1. e4 e6 2. d4 d5 3. exd5 exd5 4. Nf3 Nf6 5. Bd3 Be7 6. O-O O-O 7. Bg5 Bg4 8. Nbd2
Nbd7 9. Re1 Re8 10. c3 c6 11. Qc2 Bh5 12. Ne5 Bg6 13. Nxg6 hxg6 14. Nf3 Nh5 15. Bd2
Bd6 16. g3 Qc7 17. Ng5 Rxe1+ 18. Rxe1 Nhf6 19. Bxg6 fxg6 20. Ne6 Qc8 21. Qxg6 Bf8
22. Ng5 Bd6 23. Bf4 Bxf4 24. Re7 Qf8 25. Rf7 Bxg5 26. Rxf8+ Rxf8 27. Qxg5 Re8 28.
Kf1 Ne4 29. Qf5 Ndf6 30. h4 Rf8 31. Kg2 Re8 32. h5 Nd6 33. Qg6 Nf7 34. g4 Nh7 35.
h6  1-0

[Event "1. OEsterreichische Internet Schach Meisterschaft - Vorrunde 3"]
[Site "Online - Playchess.com"]
[Date ""]
[Round "3"]
[Board "2"]
[White "Postl, Anton"]
[Black "Diermair, Andreas"]
[Result "0-1"]
[WhiteElo "2290"]
[BlackElo "2465"]
[PlyCount "82"]
[EventDate "2020.04.17"]
[EventRounds "9"]
[EventCountry "AUT"]

1. d4 Nf6 2. c4 e6 3. Nf3 c5 4. d5 exd5 5. cxd5 d6 6. Bf4 g6 7. Nc3 a6 8. a4 Bg7
9. e3 O-O 10. h3 Re8 11. Be2 Ne4 12. Qc1 Qa5 13. Ra3 Nd7 14. O-O Ndf6 15. Rd1 Bf5
16. g4 Bd7 17. Nxe4 Nxe4 18. Nd2 Nxd2 19. Qxd2 Qxd2 20. Rxd2 Be5 21. Bxe5 Rxe5 22.
Bc4 Rb8 23. a5 h5 24. gxh5 Rxh5 25. Rb3 Bxh3 26. Rb6 Rg5+ 27. Kh2 Kg7 28. f4 Rh5
29. Kg3 Re8 30. Rd3 Bf1 31. Rc3 Bxc4 32. Rxc4 Rxe3+ 33. Kf2 Rd3 34. Rxd6 Rh2+ 35.
Kg1 Rxb2 36. Rc1 Rbd2 37. Rb6 Rxd5 38. Rxb7 c4 39. Rxc4 Rxa5 40. Rcc7 Ra1+ 41. Rc1
Rxc1#  0-1

[Event "1. OEsterreichische Internet Schach Meisterschaft - Vorrunde 3"]
[Site "Online - Playchess.com"]
[Date ""]
[Round "3"]
[Board "3"]
[White "Doskocil, Klaus"]
[Black "Froewis, Georg"]
[Result "0-1"]
[WhiteElo "2157"]
[BlackElo "2457"]
[PlyCount "156"]
[EventDate "2020.04.17"]
[EventRounds "9"]
[EventCountry "AUT"]

1. e4 d5 2. exd5 Qxd5 3. Nc3 Qd6 4. d4 Nf6 5. Nf3 Nc6 6. Be2 Bg4 7. Be3 e6 8. O-O
Be7 9. Qd2 O-O 10. Rad1 a6 11. a3 Rad8 12. h3 Bh5 13. Rfe1 Nd5 14. Nxd5 Qxd5 15.
c4 Qa5 16. Qxa5 Nxa5 17. Nd2 Bxe2 18. Rxe2 Bf6 19. b4 Nc6 20. Nb3 b6 21. Red2 Rd7
22. d5 exd5 23. Rxd5 Rxd5 24. cxd5 Ne5 25. d6 cxd6 26. Rxd6 Nc4 27. Rc6 Nxe3 28.
fxe3 Rb8 29. a4 Kf8 30. b5 axb5 31. axb5 Ke7 32. Kf2 Kd7 33. Kf3 Bd8 34. e4 Ra8 35.
Nd4 Ra3+ 36. Kf4 Bc7+ 37. e5 Ra4 38. Ke4 Bd8 39. Kd5 Ra1 40. e6+ fxe6+ 41. Nxe6 Rd1+
42. Ke4 Re1+ 43. Kd5 Rd1+ 44. Ke4 Bf6 45. Rxb6 Re1+ 46. Kd5 Re5+ 47. Kc4 Rxe6 48.
Rb7+ Kc8 49. Rf7 Re7 50. Rf8+ Kb7 51. g4 Re4+ 52. Kd5 Re5+ 53. Kd6 Re3 54. Rf7+ Kb6
55. g5 Bxg5 56. Rxg7 h6 57. Rg6 Rxh3 58. Ke5+ Kxb5 59. Kf5 Rh4 60. Rg8 Rf4+ 61. Kg6
Kc4 62. Re8 Kd3 63. Kh5 Rh4+ 64. Kg6 Re4 65. Ra8 Ke2 66. Ra2+ Kf3 67. Ra3+ Be3 68.
Ra8 Rg4+ 69. Kh5 Rg5+ 70. Kh4 Rg1 71. Rf8+ Bf4 72. Kh5 Rh1+ 73. Kg6 h5 74. Rh8 h4
75. Ra8 h3 76. Kf5 Be3 77. Ra3 Rf1 78. Ra2 h2  0-1

[Event "1. OEsterreichische Internet Schach Meisterschaft - Vorrunde 3"]
[Site "Online - Playchess.com"]
[Date ""]
[Round "3"]
[Board "4"]
[White "Kuecher, Wolfgang"]
[Black "Schweda, Roland"]
[Result "0-1"]
[WhiteElo "2117"]
[BlackElo "2449"]
[PlyCount "126"]
[EventDate "2020.04.17"]
[EventRounds "9"]
[EventCountry "AUT"]

1. g3 Nf6 2. Bg2 d6 3. e4 c5 4. Nc3 g6 5. Nge2 Bg7 6. h3 Nc6 7. O-O O-O 8. d3 Rb8
9. f4 Bd7 10. g4 b5 11. Ng3 b4 12. Nce2 Ne8 13. f5 e6 14. Rb1 Nd4 15. Be3 Nc7 16.
Nxd4 Bxd4 17. Bxd4 cxd4 18. f6 e5 19. g5 Ne6 20. Qg4 h5 21. gxh6 Kh7 22. h4 Rg8 23.
Bh3 Nc5 24. Qf3 Bxh3 25. Rf2 Qd7 26. Rh2 Qg4 27. Qf2 Ne6 28. Kh1 Nf4 29. Rg1 Qxh4
30. Qd2 a5 31. Ne2 Rbc8 32. Nxf4 exf4 33. Qe2 g5 34. Qf3 g4 35. Qxf4 Rg6 36. Rg3
Qxf6 37. Qxf6 Rxf6 38. Rg1 Rxh6 39. Re2 Bf1+ 40. Rh2 Rxh2+ 41. Kxh2 Rc6 42. Rxf1
Rxc2+ 43. Kg3 Kg6 44. Kxg4 Rxb2 45. Ra1 Rd2 46. a3 b3 47. Rb1 a4 48. Kf4 Rxd3 49.
e5 dxe5+ 50. Kxe5 f5 51. Kf4 Kf6 52. Rh1 b2 53. Rh6+ Kg7 54. Rh1 Rxa3 55. Rb1 Rb3
56. Kxf5 d3 57. Rg1+ Kf7 58. Rb1 d2 59. Ke4 a3 60. Kd4 a2 61. Rf1+ Ke7 62. Kc4 b1=Q
63. Rxb1 axb1=Q  0-1

[Event "1. OEsterreichische Internet Schach Meisterschaft - Vorrunde 3"]
[Site "Online - Playchess.com"]
[Date ""]
[Round "3"]
[Board "5"]
[White "Schreiner, Peter"]
[Black "Froewis, Annika"]
[Result "0-1"]
[WhiteElo "2440"]
[BlackElo "2136"]
[PlyCount "126"]
[EventDate "2020.04.17"]
[EventRounds "9"]
[EventCountry "AUT"]

1. d4 d5 2. c4 e6 3. Nf3 Nf6 4. g3 Be7 5. Bg2 O-O 6. O-O dxc4 7. Qc2 a6 8. a4 Bd7
9. Rd1 Bc6 10. Nc3 Bxf3 11. Bxf3 Nc6 12. Bxc6 bxc6 13. Bg5 Rb8 14. Bxf6 Bxf6 15.
e3 h6 16. Ne4 Be7 17. Qxc4 Qd5 18. Qc2 Rb4 19. Rac1 Rfb8 20. Qxc6 Rxb2 21. Qxd5 exd5
22. Nc5 Bxc5 23. Rxc5 Ra2 24. a5 Rbb2 25. Rf1 g6 26. Rxd5 Rc2 27. h4 h5 28. Kg2 Kg7
29. Kf3 c6 30. Re5 Kf8 31. Kg2 Kg7 32. Kg1 Kf8 33. Kg2 Kg7 34. Re4 Rxa5 35. Rb1 Raa2
36. Rf4 Rcb2 37. Rc1 Rc2 38. Rxc2 Rxc2 39. Re4 c5 40. dxc5 Rxc5 41. Ra4 a5 42. Kf3
Kf6 43. Kf4 Rf5+ 44. Ke4 Ke6 45. f4 Rb5 46. Kd3 f5 47. Rc4 Rb3+ 48. Kd2 Kd5 49. Rc8
a4 50. Ra8 a3 51. Ra4 Kc5 52. Ra8 Kb4 53. Rb8+ Kc4 54. Rc8+ Kd5 55. Ra8 Ke4 56. Ra6
Rb2+ 57. Kc3 Re2 58. Rxg6 a2 59. Ra6 Kxe3 60. Kc4 Kf3 61. Kd5 Kxg3 62. Ra4 Kxh4 63.
Kd4 Re4+  0-1

[Event "1. OEsterreichische Internet Schach Meisterschaft - Vorrunde 3"]
[Site "Online - Playchess.com"]
[Date ""]
[Round "3"]
[Board "6"]
[White "Frank, Paul"]
[Black "Blohberger, Felix"]
[Result "1/2-1/2"]
[WhiteElo "2208"]
[BlackElo "2448"]
[PlyCount "88"]
[EventDate "2020.04.17"]
[EventRounds "9"]
[EventCountry "AUT"]

1. Nf3 d5 2. g3 c6 3. Bg2 Bg4 4. O-O e6 5. d4 Nd7 6. Nbd2 Ngf6 7. Re1 Be7 8. e4 dxe4
9. Nxe4 O-O 10. c3 h6 11. Qb3 Qb6 12. Nxf6+ Bxf6 13. Nd2 Bf5 14. Nc4 Qxb3 15. axb3
Bd8 16. Nd6 Bb6 17. Nxb7 Rfc8 18. b4 Rc7 19. Nd6 Nf6 20. Nxf5 exf5 21. b5 Rd8 22.
Bf4 Rcc8 23. bxc6 Nd5 24. Bxd5 Rxd5 25. c7 Bxc7 26. Rxa7 Bxf4 27. gxf4 Rb5 28. Re2
g5 29. fxg5 hxg5 30. Ree7 Rxb2 31. Rxf7 Rxc3 32. Rxf5 g4 33. Rg5+ Kf8 34. Rxg4 Rf3
35. Rh4 Kg8 36. Re4 Kf8 37. d5 Rfxf2 38. d6 Rg2+ 39. Kf1 Rxh2 40. Rf4+ Kg8 41. Kg1
Rhg2+ 42. Kf1 Rh2 43. Kg1 Rhg2+ 44. Kf1 Rh2  1/2-1/2

[Event "1. OEsterreichische Internet Schach Meisterschaft - Vorrunde 3"]
[Site "Online - Playchess.com"]
[Date ""]
[Round "3"]
[Board "7"]
[White "Poetz, Florian"]
[Black "Strodl, Joachim"]
[Result "1-0"]
[WhiteElo "2422"]
[BlackElo "2137"]
[PlyCount "57"]
[EventDate "2020.04.17"]
[EventRounds "9"]
[EventCountry "AUT"]

1. e4 g6 2. d4 Bg7 3. Nc3 d6 4. f4 a6 5. Nf3 e6 6. Bd3 Ne7 7. O-O c5 8. dxc5 dxc5
9. e5 O-O 10. Ne4 Nf5 11. a4 b6 12. c3 Bb7 13. Qe2 Bxe4 14. Bxe4 Ra7 15. Rd1 Qc7
16. g4 Ne7 17. Be3 f5 18. exf6 Bxf6 19. Qc4 Nd5 20. Bxd5 exd5 21. Rxd5 Kg7 22. Rad1
Rf7 23. f5 b5 24. axb5 axb5 25. Qxc5 Qxc5 26. Bxc5 Rac7 27. g5 Nd7 28. gxf6+ Nxf6
29. Bd4  1-0

[Event "1. OEsterreichische Internet Schach Meisterschaft - Vorrunde 3"]
[Site "Online - Playchess.com"]
[Date ""]
[Round "3"]
[Board "8"]
[White "Gartmayer, Stefan"]
[Black "Freitag, Manfred"]
[Result "0-1"]
[WhiteElo "1914"]
[BlackElo "2356"]
[PlyCount "110"]
[EventDate "2020.04.17"]
[EventRounds "9"]
[EventCountry "AUT"]

1. d4 Nf6 2. Nf3 g6 3. c4 Bg7 4. Nc3 d5 5. Bg5 Ne4 6. Bh4 Nxc3 7. bxc3 c5 8. e3 Nc6
9. Bd3 cxd4 10. cxd4 Qa5+ 11. Qd2 Qxd2+ 12. Kxd2 dxc4 13. Bxc4 O-O 14. Rac1 e6 15.
Bg3 Bd7 16. Rb1 Na5 17. Bd3 Rfc8 18. Rhc1 f6 19. Bd6 Bf8 20. Bxf8 Kxf8 21. e4 Ke7
22. Ke3 Rxc1 23. Rxc1 Rc8 24. Rxc8 Bxc8 25. Nd2 Bd7 26. f4 Nc6 27. Nb3 b6 28. Bb5
g5 29. g3 gxf4+ 30. gxf4 Nb4 31. a4 Nc2+ 32. Kd2 Bxb5 33. axb5 Na3 34. Kc3 Nxb5+
35. Kb4 Nd6 36. Nd2 a5+ 37. Ka4 Kd7 38. d5 exd5 39. exd5 Kc7 40. h3 Kb7 41. Nf3 Ka6
42. Nd4 b5+ 43. Ka3 Kb6 44. Ne6 Nc4+ 45. Kb3 Nd2+ 46. Kc2 Ne4 47. Kd3 Nc5+ 48. Kd4
Nd7 49. h4 a4 50. Ke4 a3 51. Nd4 Nc5+ 52. Kf5 b4 53. Nc2 a2 54. Na1 b3 55. Kxf6 b2
 0-1

[Event "1. OEsterreichische Internet Schach Meisterschaft - Vorrunde 3"]
[Site "Online - Playchess.com"]
[Date ""]
[Round "3"]
[Board "9"]
[White "Maierhofer, Johann"]
[Black "Kuba, Guenther"]
[Result "0-1"]
[WhiteElo "2087"]
[BlackElo "2348"]
[PlyCount "110"]
[EventDate "2020.04.17"]
[EventRounds "9"]
[EventCountry "AUT"]

1. e4 e5 2. Nc3 Nf6 3. Bc4 Nc6 4. d3 Bb4 5. Nge2 d5 6. exd5 Nxd5 7. O-O Nxc3 8. bxc3
Bd6 9. Be3 O-O 10. Qd2 Kh8 11. f3 a6 12. a4 f5 13. Rab1 b6 14. Bg5 Qe8 15. Ng3 Bd7
16. Qe2 Qg6 17. Bd2 Na5 18. Bd5 Rae8 19. Ra1 e4 20. fxe4 Bxg3 21. hxg3 Qxg3 22. Rf3
Qg6 23. Raf1 Rf6 24. Bf4 c6 25. Ba2 fxe4 26. dxe4 b5 27. axb5 axb5 28. e5 Rff8 29.
Re3 Be6 30. Bxe6 Rxe6 31. Bg3 Rxf1+ 32. Qxf1 Qe8 33. Rf3 Kg8 34. Qd3 Nc4 35. Bh2
Nxe5 36. Bxe5 Rxe5 37. Qd6 Re1+ 38. Rf1 Rxf1+ 39. Kxf1 Qf8+ 40. Qxf8+ Kxf8 41. Kf2
Ke7 42. Ke3 Kd6 43. Ke4 Kc5 44. Ke5 Kc4 45. Kd6 h5 46. Kxc6 g5 47. Kd6 h4 48. Ke5
g4 49. Kf4 h3 50. gxh3 gxh3 51. Kg3 Kxc3 52. Kxh3 Kxc2 53. Kg3 b4 54. Kf3 b3 55.
Ke3 b2  0-1

[Event "1. OEsterreichische Internet Schach Meisterschaft - Vorrunde 3"]
[Site "Online - Playchess.com"]
[Date ""]
[Round "3"]
[Board "10"]
[White "Schroll, Gerhard"]
[Black "Juenger, Heinz"]
[Result "0-1"]
[WhiteElo "2321"]
[BlackElo "2165"]
[PlyCount "98"]
[EventDate "2020.04.17"]
[EventRounds "9"]
[EventCountry "AUT"]

1. e4 e5 2. Nf3 Nc6 3. Bb5 a6 4. Bxc6 dxc6 5. O-O Bg4 6. h3 h5 7. d3 Qf6 8. Nbd2
g5 9. Nc4 Bxf3 10. Qxf3 Qxf3 11. gxf3 f6 12. Kg2 Ne7 13. h4 gxh4 14. Be3 Bh6 15.
Kh3 Ng6 16. Rg1 Kf7 17. Na5 Rab8 18. b4 Nf4+ 19. Bxf4 Bxf4 20. Kxh4 Bd2 21. a3 c5
22. Rab1 cxb4 23. axb4 c5 24. Nc4 Bxb4 25. Nd6+ Ke6 26. Nf5 Bd2 27. Rg7 Bg5+ 28.
Kh3 Rhe8 29. Rc7 b5 30. Rb7 Rxb7 31. Ng7+ Kf7 32. Nf5 Rd8 33. Ra1 Rb6 34. Rb1 a5
35. Ne3 a4 36. Nd5 Rb7 37. c4 Rdb8 38. Ra1 Ra8 39. cxb5 Rxb5 40. Nc3 Rb3 41. Nxa4
Rb4 42. Nxc5 Rxa1 43. Nd7 Rb2 44. Nxe5+ fxe5 45. Kg2 Raa2 46. Kf1 Rxf2+ 47. Ke1 Rae2+
48. Kd1 Ra2 49. Ke1 Rfb2  0-1

[Event "1. OEsterreichische Internet Schach Meisterschaft - Vorrunde 3"]
[Site "Online - Playchess.com"]
[Date ""]
[Round "3"]
[Board "11"]
[White "Sadilek, Peter"]
[Black "Frank, Emanuel"]
[Result "1-0"]
[WhiteElo "2340"]
[BlackElo "2271"]
[PlyCount "113"]
[EventDate "2020.04.17"]
[EventRounds "9"]
[EventCountry "AUT"]

1. d4 d5 2. Nf3 Nf6 3. c4 e6 4. g3 Bb4+ 5. Bd2 Bd6 6. Bg2 c6 7. Nc3 dxc4 8. e4 Be7
9. O-O Nbd7 10. Bf4 b5 11. d5 exd5 12. exd5 cxd5 13. Nxb5 O-O 14. Nc7 Rb8 15. Nxd5
Nxd5 16. Qxd5 Rxb2 17. Qxc4 Rb4 18. Qc2 Qb6 19. Be3 Qg6 20. Qxg6 hxg6 21. Bxa7 Bf6
22. Rac1 Ra4 23. Be3 Rxa2 24. Ng5 Ne5 25. Ne4 Bg4 26. Nxf6+ gxf6 27. h3 Bf3 28. Bd4
Bxg2 29. Kxg2 Rd2 30. Bc3 Re2 31. Rfe1 Rxe1 32. Rxe1 Nd7 33. Re7 Rd8 34. h4 Kf8 35.
Bb4 Kg7 36. g4 Nf8 37. g5 fxg5 38. hxg5 Rd7 39. Bc3+ Kg8 40. Re8 Rb7 41. Bd4 f5 42.
Bc5 Rf7 43. Kf3 Kg7 44. Bxf8+ Rxf8 45. Rxf8 Kxf8 46. Kf4 Kf7 47. Ke5 Ke7 48. f3 Kf7
49. Kd6 f4 50. Ke5 Ke7 51. Kxf4 Kd6 52. Ke4 Ke6 53. f4 Kd6 54. f5 gxf5+ 55. Kxf5
Ke7 56. Kg6 Kf8 57. Kh7  1-0